| 000 | 00829nam a2200193Ia 4500 | ||
|---|---|---|---|
| 999 |
_c36322 _d36322 |
||
| 001 | 2230 | ||
| 003 | GE_BSU | ||
| 005 | 20221021124126.0 | ||
| 008 | 181216s1996ru xx |||||||||||||| ||rus|| | ||
| 040 | _cGE_BSU | ||
| 041 | _arus | ||
| 080 | _a340.1(075.8) O-28 | ||
| 245 |
_aОбщая теория права и государства : _bУчебник для студ. Высших 3учебних заведений обучающихся по направлению и спец. ,,Юриспруденция ". |
||
| 264 |
_aМосква : _bЮриоть, _c1996. |
||
| 300 |
_a472 с.: _b21 см. |
||
| 653 | _aОбщая теория права и государства | ||
| 653 | _aსამართლისა და სახელმწიფოს ზოგადი თეორია. | ||
| 942 |
_cBK _2udc |
||